[Event "Oberliga Nord O 2122"]
[Site "Germany"]
[Date "2022.04.03"]
[Round "8.1"]
[White "Volke, Karsten"]
[Black "Rosenthal, Dirk"]
[Result "1/2-1/2"]
[WhiteElo "2445"]
[BlackElo "2396"]
[PlyCount "23"]
[EventDate "2021.10.31"]
[EventType "team-tourn"]
[EventRounds "9"]
[EventCountry "GER"]
[SourceTitle "EXT 2023"]
[Source "ChessBase"]
[SourceDate "2022.10.05"]
[SourceVersion "1"]
[SourceVersionDate "2022.10.05"]
[SourceQuality "1"]
[WhiteTeam "Berlin Empor"]
[BlackTeam "Oberschoeneweide"]
[WhiteTeamCountry "GER"]
[BlackTeamCountry "GER"]

1. e4 e6 2. d4 d5 3. e5 c5 4. c3 Nc6 5. Nf3 Qb6 6. Bd3 cxd4 7. 0-0 Bd7 8. Re1 Nge7 9. h4 dxc3 10. bxc3 h6 11. Nbd2 Na5 12. Ba3 1/2-1/2

[Event "Oberliga Nord O 1920"]
[Site "Germany"]
[Date "2019.12.08"]
[Round "4.1"]
[White "Volke, Karsten"]
[Black "Modler, Andreas"]
[Result "1-0"]
[WhiteElo "2463"]
[BlackElo "2225"]
[PlyCount "88"]
[EventDate "2019.09.29"]
[EventType "team-tourn"]
[EventRounds "9"]
[EventCountry "GER"]
[SourceTitle "CBM 195 Extra"]
[Source "ChessBase"]
[SourceDate "2020.05.31"]
[SourceVersion "1"]
[SourceVersionDate "2020.05.31"]
[SourceQuality "1"]

1. d4 d5 2. c4 e6 3. Nc3 Nf6 4. Bg5 Be7 5. Nf3 Nbd7 6. e3 h6 7. Bh4 0-0 8. a3 c5 9. cxd5 Nxd5 10. Bxe7 Nxe7 11. dxc5 Nxc5 12. Be2 Qb6 13. b4 Rd8 14. Qc2 Na6 15. Na4 Qc7 16. Qb2 Bd7 17. Rc1 Qb8 18. Nc3 Nc7 19. 0-0 Ncd5 20. Ne4 Be8 21. Rfd1 Ng6 22. Ng3 Nb6 23. Nh5 Rxd1+ 24. Bxd1 e5 25. Bb3 Qd6 26. Qb1 Kh8 27. Rd1 Qe7 28. Ng3 Nh4 29. Nxh4 Qxh4 30. Nf5 Qg5 31. Nd6 f6 32. Nxe8 Rxe8 33. Qe4 f5 34. Qxb7 f4 35. Qe4 fxe3 36. fxe3 Rd8 37. Rxd8+ Qxd8 38. Bc2 Qg8 39. Qxe5 Nd7 40. Qd4 Nf6 41. h3 Qa2 42. Qc3 Qd5 43. Qc8+ Ng8 44. Qf5 Qxf5 1-0

[Event "Oberliga Nord O 1920"]
[Site "Germany"]
[Date "2019.11.24"]
[Round "3.1"]
[White "Rehberg, Raphael"]
[Black "Volke, Karsten"]
[Result "1-0"]
[WhiteElo "2236"]
[BlackElo "2463"]
[PlyCount "83"]
[EventDate "2019.09.29"]
[EventType "team-tourn"]
[EventRounds "9"]
[EventCountry "GER"]
[SourceTitle "CBM 195 Extra"]
[Source "ChessBase"]
[SourceDate "2020.05.31"]
[SourceVersion "1"]
[SourceVersionDate "2020.05.31"]
[SourceQuality "1"]

1. e4 e5 2. Bc4 Nf6 3. d3 Nc6 4. Nf3 Bc5 5. c3 a6 6. Nbd2 0-0 7. 0-0 Ba7 8. Re1 d6 9. Bb3 Ng4 10. Re2 Kh8 11. Nf1 f5 12. exf5 Bxf5 13. Ng3 Bd7 14. h3 Rxf3 15. gxf3 Nxf2 16. Rxf2 Qh4 17. Ne4 Bxf2+ 18. Nxf2 Qg3+ 19. Kf1 Rf8 20. Bd5 Ne7 21. Bxb7 c6 22. f4 Nd5 23. Ke2 Nxf4+ 24. Bxf4 Rxf4 25. Nh1 Qh2+ 26. Ke3 d5 27. Qe2 Qxh3+ 28. Kd2 Qf5 29. Re1 e4 30. Bxa6 h6 31. dxe4 Rxe4 32. Qf2 Qg5+ 33. Kc2 Rf4 34. Qd2 c5 35. Bd3 c4 36. Be2 Bf5+ 37. Kc1 Be4 38. Bd1 Qh4 39. Bc2 g5 40. Bxe4 dxe4 41. Rd1 g4 42. Qxf4 1-0

[Event "Oberliga Nord O 1920"]
[Site "Germany"]
[Date "2019.09.29"]
[Round "1.1"]
[White "Volke, Karsten"]
[Black "Moeller, Hendrik"]
[Result "0-1"]
[WhiteElo "2463"]
[BlackElo "2252"]
[PlyCount "88"]
[EventDate "2019.09.29"]
[EventType "team-tourn"]
[EventRounds "9"]
[EventCountry "GER"]
[SourceTitle "CBM 195 Extra"]
[Source "ChessBase"]
[SourceDate "2020.05.31"]
[SourceVersion "1"]
[SourceVersionDate "2020.05.31"]
[SourceQuality "1"]

1. d4 d5 2. c4 e6 3. Nc3 c5 4. cxd5 exd5 5. Nf3 Nc6 6. g3 Nf6 7. Bg2 Be7 8. 0-0 0-0 9. Bg5 c4 10. Ne5 Be6 11. b3 h6 12. Nxc6 bxc6 13. Bxf6 Bxf6 14. bxc4 dxc4 15. e3 Qa5 16. Ne4 Be7 17. Qc2 Rac8 18. Rfd1 Rfd8 19. Nd2 Qa6 20. Rab1 g6 21. a4 Rc7 22. Ne4 Rcd7 23. Nc3 Bg4 24. Rdc1 Ba3 25. Re1 Be6 26. Qa2 Be7 27. a5 Bf5 28. Rb2 Bd3 29. Bf1 c5 30. Bxd3 cxd3 31. dxc5 Bxc5 32. Rd1 Be7 33. Rbb1 Qc6 34. Qb3 Bf6 35. Na2 d2 36. Nb4 Qb5 37. Qc2 Qxa5 38. e4 Rc7 39. Qb3 Rc3 40. Qa2 Qxa2 41. Nxa2 Rc4 42. Rb4 Rc2 43. Ra4 Rb8 44. Kf1 Rbb2 0-1

[Event "WchT Seniors 50"]
[Site "Dresden"]
[Date "2018.07.12"]
[Round "6.3"]
[White "Volke, Karsten"]
[Black "Yermolinsky, Alex"]
[Result "1/2-1/2"]
[WhiteElo "2474"]
[BlackElo "2505"]
[PlyCount "80"]
[EventDate "2018.07.07"]
[EventType "team-swiss"]
[EventRounds "9"]
[EventCountry "GER"]
[SourceTitle "CBM 185 Extra"]
[Source "ChessBase"]
[SourceDate "2018.07.29"]
[SourceVersion "1"]
[SourceVersionDate "2018.07.29"]
[SourceQuality "1"]
[WhiteTeam "Germany"]
[BlackTeam "United States"]
[WhiteTeamCountry "GER"]
[BlackTeamCountry "USA"]

1. d4 Nf6 2. c4 e6 3. Nc3 Bb4 4. e3 0-0 5. Bd3 d5 6. Nge2 c5 7. cxd5 cxd4 8. exd4 Nxd5 9. 0-0 Nc6 10. a3 Bd6 11. Ne4 Be7 12. Bc2 b6 13. Qd3 g6 14. Bh6 Re8 15. Rad1 Bb7 16. Rfe1 Rc8 17. Bb3 Nb8 18. N2c3 Nxc3 19. Nxc3 Bd6 20. Ne4 Bxe4 21. Qxe4 Nd7 22. g3 Bf8 23. Bf4 Nf6 24. Qf3 Bg7 25. Be5 Nd5 26. Bxg7 Kxg7 27. Bxd5 Qxd5 28. Qxd5 exd5 29. Rxe8 Rxe8 30. Kf1 Rc8 31. Ke2 h5 32. Kd3 h4 33. Re1 h3 34. f3 Rc7 35. b3 f6 36. Kd2 Kf7 37. Kd3 b5 38. Kd2 a5 39. Rc1 Rxc1 40. Kxc1 Ke6 1/2-1/2

[Event "Bodensee-Cup"]
[Site "St Ingbert"]
[Date "2018.05.04"]
[Round "1"]
[White "Volke, Karsten"]
[Black "Baenziger, Fabian"]
[Result "1/2-1/2"]
[WhiteElo "2474"]
[BlackElo "2377"]
[PlyCount "59"]
[EventDate "2018.08.20"]
[EventType "team-tourn"]
[EventRounds "3"]
[EventCountry "GER"]
[SourceTitle "EXT 2020"]
[Source "ChessBase"]
[SourceDate "2019.10.17"]
[SourceVersion "1"]
[SourceVersionDate "2019.10.17"]
[SourceQuality "1"]
[WhiteTeam "Wuerttemberg"]
[BlackTeam "Switzerland"]
[WhiteTeamCountry "GER"]
[BlackTeamCountry "SUI"]

1. d4 Nf6 2. c4 e6 3. Nc3 Bb4 4. e3 0-0 5. Bd3 c5 6. Nge2 d5 7. cxd5 cxd4 8. exd4 Nxd5 9. Bc2 Nc6 10. 0-0 Be7 11. Qd3 g6 12. Bb3 Bf6 13. Bh6 Bg7 14. Bxg7 Kxg7 15. Rad1 Nce7 16. Qf3 b6 17. Nxd5 Nxd5 18. Bxd5 Qxd5 19. Qxd5 exd5 20. Nf4 Be6 21. Rfe1 Kf6 22. Rd3 Rac8 23. Rf3 Kg7 24. h3 Rc6 25. Ra3 a5 26. Rae3 Rc2 27. Rb3 Rc6 28. Re5 Rd8 29. h4 Rdd6 30. f3 1/2-1/2

[Event "BL2-Sued 1718"]
[Site "Germany"]
[Date "2017.12.09"]
[Round "5.6"]
[White "Mann, Christian"]
[Black "Volke, Karsten"]
[Result "0-1"]
[WhiteElo "2416"]
[BlackElo "2473"]
[PlyCount "94"]
[EventDate "2017.10.21"]
[EventType "team-tourn"]
[EventRounds "10"]
[EventCountry "GER"]
[SourceTitle "CBM 183 Extra"]
[Source "ChessBase"]
[SourceDate "2018.04.19"]
[SourceVersion "1"]
[SourceVersionDate "2018.04.19"]
[SourceQuality "1"]
[WhiteTeam "Eppingen"]
[BlackTeam "Schoenaich"]
[WhiteTeamCountry "GER"]
[BlackTeamCountry "GER"]

1. g3 e5 2. Bg2 d5 3. c4 c6 4. cxd5 cxd5 5. d4 e4 6. Nc3 Nc6 7. f3 f5 8. Nh3 Nf6 9. Bg5 Bb4 10. Nf4 0-0 11. 0-0 Bxc3 12. bxc3 Na5 13. Nh5 Qe8 14. Bxf6 Qxh5 15. Be7 Re8 16. Bd6 Nc4 17. Bf4 Be6 18. Rb1 Qf7 19. Qc1 Qd7 20. e3 Rac8 21. Rf2 Rc6 22. Bf1 Rec8 23. Rb4 b6 24. fxe4 fxe4 25. Bxc4 Rxc4 26. Rxc4 Rxc4 27. Qa3 Rc8 28. Be5 Bg4 29. Qd6 Qxd6 30. Bxd6 h6 31. Rc2 Kf7 32. Kf1 Bd1 33. Rc1 Ba4 34. Be5 Bb5+ 35. Ke1 Kg6 36. h4 Rf8 37. Rc2 Rf1+ 38. Kd2 Rf2+ 39. Kc1 Rf3 40. Bf4 Rf1+ 41. Kd2 Kf5 42. Bb8 Rf2+ 43. Kc1 Rf3 44. Rg2 Kg4 45. Bxa7 Rf1+ 46. Kb2 Kf3 47. Rh2 Kxe3 0-1

[Event "BL2-Sued 1617"]
[Site "Germany"]
[Date "2017.05.07"]
[Round "9.2"]
[White "Spirin, Oleg"]
[Black "Volke, Karsten"]
[Result "1/2-1/2"]
[WhiteElo "2436"]
[BlackElo "2461"]
[PlyCount "29"]
[EventDate "2016.10.16"]
[EventType "team-tourn"]
[EventRounds "9"]
[EventCountry "GER"]
[SourceTitle "EXT 2018"]
[Source "ChessBase"]
[SourceDate "2017.10.13"]
[SourceVersion "1"]
[SourceVersionDate "2017.10.13"]
[SourceQuality "1"]
[WhiteTeam "Untergrombach"]
[BlackTeam "Schoenaich"]
[WhiteTeamCountry "GER"]
[BlackTeamCountry "GER"]

1. Nf3 Nf6 2. c4 e6 3. g3 d5 4. d4 dxc4 5. Qa4+ c6 6. Qxc4 b5 7. Qb3 Bb7 8. Bg2 a6 9. a4 c5 10. dxc5 Nbd7 11. Be3 Bxc5 12. axb5 Bxe3 13. Qxe3 axb5 14. Rxa8 Qxa8 15. Qa3 1/2-1/2

[Event "BL2-Sued 1617"]
[Site "Germany"]
[Date "2017.04.23"]
[Round "8.2"]
[White "Volke, Karsten"]
[Black "Miezis, Normunds"]
[Result "1/2-1/2"]
[WhiteElo "2461"]
[BlackElo "2505"]
[PlyCount "35"]
[EventDate "2016.10.16"]
[EventType "team-tourn"]
[EventRounds "9"]
[EventCountry "GER"]
[SourceTitle "EXT 2018"]
[Source "ChessBase"]
[SourceDate "2017.10.13"]
[SourceVersion "1"]
[SourceVersionDate "2017.10.13"]
[SourceQuality "1"]
[WhiteTeam "Schoenaich"]
[BlackTeam "Emmendingen"]
[WhiteTeamCountry "GER"]
[BlackTeamCountry "GER"]

1. d4 Nf6 2. c4 e6 3. Nc3 Bb4 4. e3 c5 5. Nf3 0-0 6. Bd3 d5 7. 0-0 dxc4 8. Bxc4 Nbd7 9. Qe2 cxd4 10. exd4 Nb6 11. Bb3 Bd7 12. Bg5 Be7 13. Rad1 Bc6 14. Ne5 Nfd5 15. Bc1 Be8 16. Rd3 f6 17. Ng4 Bf7 18. Rg3 1/2-1/2

[Event "WchT Seniors 50"]
[Site "Radebeul"]
[Date "2016.07.01"]
[Round "6.2"]
[White "Volke, Karsten"]
[Black "Petursson, Margeir"]
[Result "0-1"]
[WhiteElo "2478"]
[BlackElo "2509"]
[PlyCount "120"]
[EventDate "2016.06.26"]
[EventType "team-swiss"]
[EventRounds "9"]
[EventCountry "GER"]
[SourceTitle "CBM 173 Extra"]
[Source "ChessBase"]
[SourceDate "2016.08.29"]
[SourceVersion "1"]
[SourceVersionDate "2016.08.29"]
[SourceQuality "1"]
[WhiteTeam "Germany"]
[BlackTeam "Iceland"]
[WhiteTeamCountry "GER"]
[BlackTeamCountry "ISL"]

1. d4 Nf6 2. c4 e6 3. Nc3 Bb4 4. e3 0-0 5. Bd3 d5 6. a3 Bxc3+ 7. bxc3 dxc4 8. Bxc4 c5 9. Ne2 Qc7 10. Ba2 b6 11. 0-0 Ba6 12. Bb2 Rd8 13. Re1 Nc6 14. Ng3 Na5 15. Rc1 Bc4 16. Bxc4 Nxc4 17. Qb3 Na5 18. Qd1 Rac8 19. Qe2 h6 20. h3 Qc6 21. e4 Qa4 22. Rcd1 cxd4 23. cxd4 Rc2 24. Rd2 Rxd2 25. Qxd2 Nc4 26. Qe2 Nxb2 27. Qxb2 Qxd4 28. Qc2 Qe5 29. Qc6 h5 30. Qa4 a5 31. Qc6 Qd4 32. e5 h4 33. Nf1 Nd5 34. Nh2 Qd3 35. a4 Qc3 36. Rc1 Qxe5 37. Nf3 Qb2 38. Rc4 Ne7 39. Qe4 Nf5 40. Nxh4 Rd1+ 41. Kh2 Qxf2 42. Nxf5 Qxf5 43. Qa8+ Kh7 44. Rh4+ Kg6 45. Rg4+ Kh7 46. Rh4+ Kg6 47. Rg4+ Kf6 48. Qb8 g5 49. Qh8+ Ke7 50. Qc3 Rd5 51. Qc7+ Kf6 52. Qc1 Qe5+ 53. Kh1 Qd6 54. Qc3+ Kg6 55. Rg3 Rd1+ 56. Kh2 Qd4 57. Qc2+ f5 58. Rf3 Kf6 59. Rf2 Qe5+ 60. g3 Qe1 0-1

[Event "WchT Seniors 50"]
[Site "Radebeul"]
[Date "2016.06.30"]
[Round "5.3"]
[White "Kozlovskaya, Valentina"]
[Black "Volke, Karsten"]
[Result "1/2-1/2"]
[WhiteElo "2218"]
[BlackElo "2478"]
[PlyCount "81"]
[EventDate "2016.06.26"]
[EventType "team-swiss"]
[EventRounds "9"]
[EventCountry "GER"]
[SourceTitle "CBM 173 Extra"]
[Source "ChessBase"]
[SourceDate "2016.08.29"]
[SourceVersion "1"]
[SourceVersionDate "2016.08.29"]
[SourceQuality "1"]
[WhiteTeam "Russia (Women)"]
[BlackTeam "Germany"]
[WhiteTeamCountry "RUS"]
[BlackTeamCountry "GER"]

1. d4 Nf6 2. c4 e6 3. Nf3 d5 4. Nc3 dxc4 5. e3 a6 6. Bxc4 b5 7. Bd3 Bb7 8. a3 c5 9. dxc5 Bxc5 10. b4 Be7 11. Bb2 Nbd7 12. 0-0 0-0 13. e4 Qb8 14. Qe2 Bd6 15. g3 Ne5 16. Nxe5 Bxe5 17. Rfe1 Rd8 18. Rac1 h6 19. Bb1 Nd7 20. Nd1 Qd6 21. Ne3 Qb6 22. Red1 Bxb2 23. Qxb2 Nf6 24. Qe5 Rxd1+ 25. Rxd1 Rc8 26. h4 Qc6 27. f3 Nd7 28. Qd4 Nb6 29. Qd6 Qxd6 30. Rxd6 Bc6 31. Bc2 Kf8 32. Kf2 Ke7 33. Rd3 Bd7 34. Ke2 g5 35. hxg5 hxg5 36. Bb3 Rh8 37. Rd2 Rh2+ 38. Kd3 Rh3 39. Nf1 Bc6 40. Rh2 Rxh2 41. Nxh2 1/2-1/2

[Event "BL2-Sued 1516"]
[Site "Germany"]
[Date "2015.11.15"]
[Round "3.2"]
[White "Volke, Karsten"]
[Black "Tarlev, Konstantin"]
[Result "0-1"]
[WhiteElo "2481"]
[BlackElo "2578"]
[PlyCount "50"]
[EventDate "2015.09.20"]
[EventType "team-tourn"]
[EventRounds "9"]
[EventCountry "GER"]
[SourceTitle "EXT 2017"]
[Source "ChessBase"]
[SourceDate "2016.10.25"]
[SourceVersion "1"]
[SourceVersionDate "2016.10.25"]
[SourceQuality "1"]
[WhiteTeam "Schoenaich"]
[BlackTeam "Viernheim"]
[WhiteTeamCountry "GER"]
[BlackTeamCountry "GER"]

1. d4 Nf6 2. c4 e6 3. Nf3 d5 4. Nc3 dxc4 5. e3 a6 6. a4 c5 7. Bxc4 Be7 8. 0-0 0-0 9. Qe2 Nc6 10. Rd1 Qc7 11. b3 cxd4 12. exd4 Na5 13. Bb2 Re8 14. d5 Nxc4 15. bxc4 Bd7 16. Ne4 exd5 17. cxd5 Nxe4 18. Qxe4 Bf8 19. Qd4 Rad8 20. Rac1 Qa5 21. Ne5 Qxa4 22. Rc4 Qb3 23. Nxd7 Re4 24. Qd2 Qxc4 25. Nxf8 Rxd5 0-1

[Event "WchT Seniors 50"]
[Site "Dresden"]
[Date "2015.02.28"]
[Round "5.2"]
[White "Stohl, Igor"]
[Black "Volke, Karsten"]
[Result "1/2-1/2"]
[WhiteElo "2493"]
[BlackElo "2470"]
[PlyCount "25"]
[EventDate "2015.02.24"]
[EventType "team-swiss"]
[EventRounds "9"]
[EventCountry "GER"]
[SourceTitle "CBM 165 Extra"]
[Source "ChessBase"]
[SourceDate "2015.04.21"]
[SourceVersion "1"]
[SourceVersionDate "2015.04.21"]
[SourceQuality "1"]
[WhiteTeam "Slovakia"]
[BlackTeam "Germany"]
[WhiteTeamCountry "SVK"]
[BlackTeamCountry "GER"]

1. Nf3 Nf6 2. c4 e6 3. d4 d5 4. Nc3 c6 5. e3 Nbd7 6. Qc2 Bd6 7. b3 0-0 8. Be2 e5 9. cxd5 cxd5 10. Nb5 Bb4+ 11. Bd2 Bxd2+ 12. Nxd2 e4 13. Rc1 1/2-1/2

[Event "EU-Cup 29th"]
[Site "Rhodes"]
[Date "2013.10.22"]
[Round "3.2"]
[White "Volke, Karsten"]
[Black "Jepson, Christian"]
[Result "1/2-1/2"]
[WhiteElo "2459"]
[BlackElo "2392"]
[PlyCount "46"]
[EventDate "2013.10.20"]
[EventType "team-swiss"]
[EventRounds "7"]
[EventCountry "GRE"]
[SourceTitle "CBM 157"]
[Source "ChessBase"]
[SourceDate "2013.11.12"]
[SourceVersion "1"]
[SourceVersionDate "2013.11.12"]
[SourceQuality "1"]
[WhiteTeam "Reichenstein"]
[BlackTeam "Limhamn"]
[WhiteTeamCountry "SUI"]
[BlackTeamCountry "SWE"]

1. d4 d5 2. c4 e6 3. Nf3 Nf6 4. Nc3 Be7 5. Bf4 0-0 6. e3 b6 7. cxd5 Nxd5 8. Nxd5 Qxd5 9. Bd3 Qa5+ 10. Nd2 Ba6 11. Bxa6 Qxa6 12. Qe2 c5 13. dxc5 Bxc5 14. Bxb8 Qxe2+ 15. Kxe2 Raxb8 16. Rac1 Rfc8 17. Nb3 Kf8 18. Rc2 Ke8 19. Rhc1 Kd7 20. Rd1+ Ke8 21. Rdc1 Kd7 22. Rd2+ Ke7 23. Rdc2 Kd7 1/2-1/2

[Event "SUI-chT"]
[Site "Switzerland"]
[Date "2012.10.20"]
[Round "8.4"]
[White "Moor, Olivier"]
[Black "Volke, Karsten"]
[Result "0-1"]
[WhiteElo "2385"]
[BlackElo "2487"]
[PlyCount "136"]
[EventDate "2012.03.18"]
[EventType "team-tourn"]
[EventRounds "9"]
[EventCountry "SUI"]
[SourceTitle "EXT 2013"]
[Source "ChessBase"]
[SourceDate "2012.11.22"]
[SourceVersion "1"]
[SourceVersionDate "2012.11.22"]
[SourceQuality "1"]
[WhiteTeam "Wollishofen"]
[BlackTeam "Reichenstein"]
[WhiteTeamCountry "SUI"]
[BlackTeamCountry "SUI"]

1. d4 Nf6 2. c4 e6 3. Nf3 b6 4. g3 Ba6 5. b3 c6 6. Bg2 Bb4+ 7. Bd2 Be7 8. Nc3 d5 9. cxd5 cxd5 10. b4 0-0 11. b5 Bb7 12. Ne5 a6 13. a4 Nbd7 14. Nd3 Ne4 15. 0-0 Ndf6 16. f3 Nxd2 17. Qxd2 Ne8 18. Rfc1 Nd6 19. e3 Rc8 20. Bf1 Nc4 21. Qf2 Ba3 22. Rc2 Bd6 23. Nd1 axb5 24. axb5 Qd7 25. N3b2 Na3 26. Rxc8 Rxc8 27. Bd3 Ra8 28. Nc3 g6 29. Qf1 Qd8 30. Kf2 e5 31. Qd1 Qf6 32. Bf1 exd4 33. exd4 Re8 34. Nca4 Bf8 35. Qd3 Nc4 36. Re1 Rxe1 37. Kxe1 Nxb2 38. Nxb2 Bg7 39. Qe3 Kf8 40. Na4 Qxd4 41. Qxd4 Bxd4 42. f4 Ke7 43. Bd3 Bc8 44. Kd2 Kd6 45. Bf1 Bf5 46. Bd3 Bh3 47. Ke1 h5 48. Ke2 Bg1 49. Ke1 Bd4 50. Ke2 Bg2 51. Kd2 Be4 52. Ke2 Ke6 53. Kd2 Kf5 54. Be2 Bg1 55. Ke1 h4 56. gxh4 d4 57. Bc4 Be3 58. Bxf7 d3 59. Nc3 Bf3 60. Bb3 d2+ 61. Kf1 Bd4 62. Ne2 Bc5 63. Bc2+ Kg4 64. Bd1 Kxh4 65. Bc2 Kh3 66. f5 Kxh2 67. Nc3 gxf5 68. Bxf5 Bd4 0-1

[Event "SUI-chT"]
[Site "Switzerland"]
[Date "2012.06.24"]
[Round "5.4"]
[White "Volke, Karsten"]
[Black "Vogt, Lothar"]
[Result "0-1"]
[WhiteElo "2455"]
[BlackElo "2411"]
[PlyCount "94"]
[EventDate "2012.03.18"]
[EventType "team-tourn"]
[EventRounds "9"]
[EventCountry "SUI"]
[SourceTitle "EXT 2013"]
[Source "ChessBase"]
[SourceDate "2012.11.22"]
[SourceVersion "1"]
[SourceVersionDate "2012.11.22"]
[SourceQuality "1"]
[WhiteTeam "Reichenstein"]
[BlackTeam "Zuerich"]
[WhiteTeamCountry "SUI"]
[BlackTeamCountry "SUI"]

1. d4 Nf6 2. c4 g6 3. Nc3 Bg7 4. e4 d6 5. f3 0-0 6. Nge2 Nc6 7. Be3 a6 8. Qd2 Rb8 9. Nc1 e5 10. d5 Nd4 11. Nb3 Nxb3 12. axb3 c5 13. Bd3 Qb6 14. Na4 Qc7 15. b4 b6 16. 0-0 Nh5 17. Rfc1 f5 18. bxc5 bxc5 19. Nc3 Nf6 20. Kh1 f4 21. Bg1 g5 22. Rab1 Qa5 23. b4 Rxb4 24. Na2 Rb5 25. Qc3 Qxc3 26. Nxc3 Rxb1 27. Rxb1 Rf7 28. Rb8 Rc7 29. Na4 Nd7 30. Ra8 Kf7 31. h4 Bb7 32. Ra7 Ke7 33. Bf2 Kd8 34. Be1 Kc8 35. Ba5 gxh4 36. Kh2 Bf6 37. Kh3 h5 38. Bc2 Kb8 39. Bxc7+ Kxc7 40. Nb2 Kb6 41. Rxb7+ Kxb7 42. Ba4 Nf8 43. Be8 Kb6 44. Bxh5 Ka5 45. Kg4 Kb4 46. Kf5 Bd8 47. Be8 Kc3 0-1

[Event "SUI-chT"]
[Site "Switzerland"]
[Date "2011.06.26"]
[Round "5.4"]
[White "Volke, Karsten"]
[Black "Domont, Alexandre"]
[Result "1/2-1/2"]
[WhiteElo "2479"]
[BlackElo "2377"]
[PlyCount "80"]
[EventDate "2011.02.27"]
[EventType "team-tourn"]
[EventRounds "9"]
[EventCountry "SUI"]
[SourceTitle "EXT 2012"]
[Source "ChessBase"]
[SourceDate "2011.11.24"]
[SourceVersion "1"]
[SourceVersionDate "2011.11.24"]
[SourceQuality "1"]
[WhiteTeam "Reichenstein"]
[BlackTeam "Le Joueur"]
[WhiteTeamCountry "SUI"]
[BlackTeamCountry "SUI"]

1. d4 d5 2. c4 c6 3. Nf3 dxc4 4. e3 Be6 5. Nc3 Nf6 6. Ng5 Qc8 7. e4 h6 8. Nxe6 Qxe6 9. e5 Nbd7 10. Be2 Nd5 11. 0-0 f5 12. Bxc4 N7b6 13. Bb3 g5 14. a4 a5 15. Bd2 Qg6 16. Nxd5 Nxd5 17. Bxd5 cxd5 18. Qb3 Qa6 19. Qxd5 e6 20. Qb5+ Qxb5 21. axb5 a4 22. Rfc1 Rh7 23. h4 gxh4 24. Rc4 Rd7 25. Raxa4 Rxa4 26. Rxa4 Rd5 27. b6 Rb5 28. Ra8+ Kf7 29. Ba5 Bb4 30. Bxb4 Rxb4 31. Rh8 Kg7 32. Rd8 Rxb6 33. Rd7+ Kg6 34. Re7 Kg5 35. Kh2 Kf4 36. f3 Ke3 37. Rd7 Rxb2 38. d5 exd5 39. Rxd5 Kf4 40. e6 Re2 1/2-1/2

[Event "SUI-chT"]
[Site "Switzerland"]
[Date "2011.04.17"]
[Round "3.4"]
[White "Volke, Karsten"]
[Black "Weindl, Alfred"]
[Result "1-0"]
[WhiteElo "2479"]
[BlackElo "2376"]
[PlyCount "81"]
[EventDate "2011.02.27"]
[EventType "team-tourn"]
[EventRounds "9"]
[EventCountry "SUI"]
[SourceTitle "CBM 141 Extra"]
[Source "ChessBase"]
[SourceDate "2011.05.03"]
[SourceVersion "1"]
[SourceVersionDate "2011.05.03"]
[SourceQuality "1"]
[WhiteTeam "Reichenstein"]
[BlackTeam "Luzern"]
[WhiteTeamCountry "SUI"]
[BlackTeamCountry "SUI"]

1. d4 Nf6 2. c4 g6 3. Nc3 Bg7 4. e4 d6 5. f4 0-0 6. Nf3 Na6 7. Bd3 e5 8. fxe5 dxe5 9. d5 Nd7 10. a3 Nac5 11. Bc2 a5 12. 0-0 f5 13. Bg5 Bf6 14. Bh6 Bg7 15. Bxg7 Kxg7 16. exf5 gxf5 17. Nb5 Na6 18. Qe1 Qf6 19. Rd1 b6 20. Nh4 f4 21. Nf3 Bb7 22. Qe4 Qg6 23. Qe2 Qf6 24. Nd2 Kh8 25. Ne4 Qg7 26. Rd3 Ndc5 27. Rh3 Bc8 28. Rxh7+ Qxh7 29. Nxc5 Bf5 30. Nxa6 Bxc2 31. Naxc7 Bd3 32. Qxe5+ Qg7 33. Qxg7+ Kxg7 34. Rc1 f3 35. gxf3 Kf6 36. Nxa8 Rxa8 37. Rc3 Bf5 38. Nd4 Rg8+ 39. Kf2 Bh3 40. Rb3 Ke5 41. Ke3 1-0